Leafy Vegetables! Quiz Stats

Quiz Updated Dec 12, 2014

Challenge
Share
Tweet
Score 0/12 Timer 05:00
5 Plays Today
Picture # Vegetable % Correct
cabbage
92.6%
romaine lettuce
92.3%
spinach
89.2%
brussels sprouts
83.5%
kale
79.8%
parsley
73.1%
bok choy
54.1%
arugula
53.8%
endive
43.5%
swiss chard
39.4%
watercress
30.8%
chinese broccoli
3.9%

You're not logged in!

Compare scores with friends on all Sporcle quizzes.
Join for Free
OR
Log In

You Might Also Like...

Show Comments

Extras

Top Quizzes Today


Score Distribution

Your Account Isn't Verified!

In order to create a playlist on Sporcle, you need to verify the email address you used during registration. Go to your Sporcle Settings to finish the process.

Report this User

Report this user for behavior that violates our Community Guidelines.

Details: